KATSEYE - Paroles Gnarly - Statistiques

Statistiques générales
  • Ce quiz a été pris 830 fois
  • Le résultat moyen est 235 sur 300
Statistiques - réponses
Hint Réponse % Correct
(Haha)
98%
(Ugh)
98%
(Gnarly)
95%
(Gnarly,
95%
gnarly)
95%
Pré-chorus | Refrain Gnarly
95%
gnarly
95%
(Gnarly
95%
Oh,
94%
the
93%
Tesla
91%
chicken
90%
like
90%
like,
90%
my
89%
You
89%
you
89%
a
88%
everything
87%
Fried
87%
is
87%
This
87%
this
87%
God,
86%
so
86%
song
85%
tea
84%
word
84%
know,
83%
be
82%
I'm
82%
real?
82%
single
82%
gang,
81%
gang
81%
"Gang"
81%
Gang,
81%
Hollywood
81%
Intro They
81%
they
81%
in
80%
one
80%
shit,
80%
shit
80%
(Shit)
80%
to
80%
Couplet 1 Boba
78%
could
78%
describe
78%
of
77%
beat
76%
fucking
75%
Fucking
75%
Hills
74%
new
73%
tonight,
72%
Na
69%
na
69%
copy
68%
Je-je-jealous
68%
with
68%
congratulations
66%
Chorus Hottie,
66%
hottie,
66%
Takis
66%
Yeah,
66%
bag
65%
me,
65%
not,
64%
mansion?
63%
Obvi,
63%
obvi
63%
obvi,
63%
Don't
62%
talk
60%
tryna
60%
we're
59%
you're
58%
bitch
57%
for
57%
session
57%
view
56%
(Everything's
55%
Everything's
55%
that
54%
going
53%
Partyin'
52%
Couplet 3 Making
51%
out
51%
beats
49%
dumb
48%
lit,
45%
boring,
40%
Now
34%
Aucun quiz correspondant
Distribution des résultats
% des personnes avec chaque résultat
Percentile par nombre de réponses
Votre historique - résultats
Vous n’avez pas pris ce quiz